Retrouve les chansons de Nolwenn Leroy - Statistiques

Statistiques générales
  • Ce quiz a été pris 17 fois
  • Le résultat moyen est 5 sur 20
Answers on the Grid
Answers color-coded by a green-red scale on the quiz's grid according to % correct below.
Comme j'ai mal
Histoire naturelle
Mon ange
Une femme cachée
La grenade
Paris Seychelles
Juste pour me souvenir
Sixième continent
Faut-il faut-il pas?
Tempête
Trace ton chemin
Suivre une étoile
Allons voir
Cassé
Que fait la vie
Inévitablement
Gemme
Brésil Finistère
La femme chocolat
Loin
Le temps des amours
La houle
Rien que de l'eau
Le Cheshire cat
Mon beau corsaire
Au soleil
Run it down
14 Février
J'ai volé le lit de la mer
Changer l'eau des fleurs
 
Statistiques - réponses
Réponse % Correct
Cassé
69%
Brésil Finistère
56%
Juste pour me souvenir
56%
Mon ange
56%
Mon beau corsaire
31%
Gemme
25%
Histoire naturelle
25%
J'ai volé le lit de la mer
25%
Sixième continent
25%
Changer l'eau des fleurs
19%
Faut-il faut-il pas?
19%
Le Cheshire cat
19%
Suivre une étoile
19%
14 Février
13%
Inévitablement
13%
La houle
13%
Loin
13%
Run it down
13%
Trace ton chemin
13%
Une femme cachée
13%
Aucun quiz correspondant
Distribution des résultats
% des personnes avec chaque résultat
Percentile par nombre de réponses
Votre historique - résultats
Vous n’avez pas pris ce quiz